[Event "Banff op"]
[Site "Banff"]
[Date "2022.11.12"]
[Round "4"]
[White "Arruebarrena Rodriguez, Rafael"]
[Black "Suominen, David"]
[Result "1-0"]
[WhiteElo "2109"]
[BlackElo "1712"]
[PlyCount "45"]
[EventDate "2022.11.11"]
[EventType "swiss"]
[EventRounds "6"]
[EventCountry "CAN"]
[SourceTitle "CBM 211 Extra"]
[Source "ChessBase"]
[SourceDate "2023.01.31"]
[SourceVersion "1"]
[SourceVersionDate "2023.01.31"]
[SourceQuality "1"]

1. e4 c6 2. d4 d5 3. Nd2 dxe4 4. Nxe4 Nd7 5. Ng5 Ngf6 6. Bd3 e6 7. N1f3 Bd6 8. Qe2 h6 9. Ne4 Nxe4 10. Qxe4 Qc7 11. 0-0 b6 12. Qg4 Kf8 13. Re1 Bb7 14. b3 Nf6 15. Qh4 Nd5 16. c4 Nb4 17. Be4 c5 18. Bb2 g5 19. Qh5 Bxe4 20. Rxe4 Nd3 21. dxc5 Nxb2 22. cxd6 Qb7 23. Rd4 1-0

[Event "Banff op"]
[Site "Banff"]
[Date "2022.11.11"]
[Round "1"]
[White "Suominen, David"]
[Black "Russell, Wesley"]
[Result "1-0"]
[WhiteElo "1712"]
[BlackElo "1621"]
[PlyCount "121"]
[EventDate "2022.11.11"]
[EventType "swiss"]
[EventRounds "6"]
[EventCountry "CAN"]
[SourceTitle "CBM 211 Extra"]
[Source "ChessBase"]
[SourceDate "2023.01.31"]
[SourceVersion "1"]
[SourceVersionDate "2023.01.31"]
[SourceQuality "1"]

1. Nf3 d5 2. c4 e6 3. g3 Nf6 4. Bg2 Be7 5. 0-0 0-0 6. d4 b6 7. Nc3 Bb7 8. Ne5 c5 9. dxc5 bxc5 10. Qb3 Qb6 11. cxd5 Qxb3 12. axb3 exd5 13. Nb5 Na6 14. Rxa6 Bxa6 15. Nc7 Bd6 16. Nxa6 Bxe5 17. Nxc5 Rac8 18. Nd3 Bd6 19. Bg5 d4 20. Ra1 Bb8 21. Bxf6 gxf6 22. Bd5 Rfd8 23. Bc4 Re8 24. Kf1 Kg7 25. Nb4 Bd6 26. Nd5 Bc5 27. Nf4 Bb6 28. Nh5+ Kg6 29. Nf4+ Kg7 30. Kg2 f5 31. Bd3 Kf6 32. Nd5+ Ke5 33. Nxb6 axb6 34. Ra6 Rb8 35. b4 Kf6 36. b5 Rec8 37. Ra4 Rd8 38. Kf3 Ke5 39. b3 Rd7 40. Rc4 Rbb7 41. Rc6 Rd6 42. Bxf5 Rxc6 43. bxc6 Rc7 44. Bd7 f5 45. b4 b5 46. h3 h6 47. g4 fxg4+ 48. Kxg4 Kf6 49. Kf4 Ke7 50. Ke5 Ra7 51. Kxd4 Kd6 52. e4 Ra4 53. e5+ Ke7 54. Kc5 Ra2 55. Kxb5 Rxf2 56. Kb6 Kd8 57. Kb7 Rc2 58. b5 Ke7 59. b6 Rc5 60. e6 h5 61. c7 1-0